|
|
|
|
| LEADER |
01446nab#a2200301#ar4500 |
| 001 |
000065639 |
| 003 |
SVKKK |
| 005 |
19971014xxxxxxx. |
| 008 |
06 c xo huno |
| FMT |
|
|
|
| 038 |
|
|
|a SVKKK
|
| 040 |
|
|
|a SVKKK
|b slo
|e AACR2
|
| 041 |
0 |
|
|a hun
|
| 044 |
|
|
|a xo
|c SK
|
| 080 |
|
|
|a 282(Gemer):271(prem)
|
| 242 |
1 |
0 |
|a Slávnosť premonštrátov
|
| 245 |
0 |
0 |
|a A premontreiek ünnepe
|
| 520 |
2 |
|
|a Informácie o priebehu cirkevného sviatku sv. Františka Xaverského, patróna premonštrátov v rožňavskom ráde dňa 3.12.1912. Hlavný príhovor mal Virgil Karol (Virgil Károly) Kolumbán, kanonik a profesor na Katolíckom vyššom gymnáziu v Rožňave, omšu slúžil Gejza (Géza) Marsó, pápežský prelát - kanonik. Slávnostného obedu sa zúčastnili aj svetskí prestavitelia: Dr. Jozef (József) Pósch, Mikuláš (Milós) Komoróczy predniesol humorný prípitok (palóc nárečie).
|
| 650 |
0 |
4 |
|a Rád premonštrátov, Rožňava - sv. František Xaverský (patrón) - 3.12.1912 - sviatok cirkený - Kolumbán, Virgil Karol (kanonik, profesor gymnaziálny) - príhovor slávnostný - Marsó, Gejza (kanonik, prelát pápežský) - omša celebrovaná - informácie
|
| 773 |
0 |
|
|t Sajó-Vidék : Vegyestartalmú hetilap
|g Roč. 15, č. 49 (05.12.1912) s. 2 a 3
|
| 957 |
|
|
|a Rožňava
|
| 958 |
|
|
|a CI
|
| 958 |
|
|
|a DG
|
| 958 |
|
|
|a SK
|
| 974 |
|
|
|a ebl
|d 19971014
|
| 992 |
|
|
|a RBX
|
| BAS |
|
|
|
| 998 |
|
|
|a RETRO
|